Introduction to social psychology / (Record no. 101130)

MARC details
000 -LEADER
fixed length control field 00609nam a22001937a 4500
005 - DATE AND TIME OF LATEST TRANSACTION
control field 20160704115713.0
010 ## - LCCN (DPL NO)
LC control number ENG-115364
020 ## - INTERNATIONAL STANDARD BOOK NUMBER
International Standard Book Number 9788178441863
Terms of availability 1495.00
035 ## - SYSTEM CONTROL NUMBER
System control number EN-98896
037 ## - SOURCE OF ACQUISITION
Source of stock number/acquisition DBAD/PUB
082 ## - DEWEY DECIMAL CLASSIFICATION NUMBER
Classification number 301.1
100 ## - MAIN ENTRY--PERSONAL NAME
Personal name Manoj Kumar Singh
245 ## - TITLE STATEMENT
Title Introduction to social psychology /
Statement of responsibility, etc by Manoj Kumar Singh
260 ## - PUBLICATION, DISTRIBUTION, ETC. (IMPRINT)
Place of publication, distribution, etc New Delhi
Name of publisher, distributor, etc K.K. Publications
Date of publication, distribution, etc 2014
270 ## - ADDRESS
Address 4806/24,Bharat Ram Road,Daryaganj
City New Delhi
Postal code 110002
300 ## - PHYSICAL DESCRIPTION
Extent viii,288p.
Dimensions 22cm(Hb)
500 ## - GENERAL NOTE
General note Includes bibliographical references and index
942 ## - ADDED ENTRY ELEMENTS (KOHA)
Source of classification or shelving scheme Dewey Decimal Classification
Item type English Books
Call number suffix MAN
Classification part 301.1
Holdings
Withdrawn status Lost status Not for loan Collection code Home library Current library Date acquired Source of acquisition Cost, normal purchase price Full call number Barcode Copy number Cost, replacement price Koha item type
    Not For Loan Non-fiction D.B.Act.Division D.B.Act.Division 04/07/2016 DBAD/PUB 1495.00 301.1 MAN EN-98896 1 1495.00 English Books

© Delhi Public Library
Hit Counter
free hit counter